Statistiques concernant Une citation, Un film

Cliquez ici pour prendre le quiz!

Statistiques générales

  • Ce quiz a été pris 681 fois
  • Le résultat moyen est 3 sur 19

Statistiques - réponses

HintRéponse% Correct
Vous voulez un whisky? - Oh, juste un doigt. - Vous préferez pas un whisky d'abord?La cité de la peur
70%
Il fait au moins...-8000!Astérix et Obélix Mission Cleopatre
68%
Puisse le sort vous être favorableHunger Games
64%
Hé sacwé Youbert, Kiss my ass! - Ok, on fait comme çaOSS 117 Rio ne répond plus
37%
C'est vous qui avez traité ma fille de sale sale?Rrrrrrrrrrhhhh
34%
Alors... On attend pas Patrick?Camping
4%
Merci ô public aimé...... Oh, très amusant, payez-vous une tranche de canard!Space Jam
4%
Ah ouais? Ba tu m'étonnes. Hé Patapouf pouf, Patapouf Pouf, tu veux un autre chou à la crème patapouf? Boing Boing Boing! Non sans dec', c'est un gros tas!Ali G
3%
Je sais pas c'qui me retient de te casser la gueule. - Je sais pas, la trouille peut-être. - Ouais ça doit être ça..Les bronzes font du ski
3%
Quand tu te mouches t'as pas l'impression de serrer la main à un pote?Les visiteurs
3%
Est-ce que je peux peindre son zizi en doré? - Je réponds nooooon, sale hollandais d'mes deux!Austin Powers dans Goldmember
2%
Tu ferais mieux de refaire faire la façade de ta femme plutot que celle de ta maison!Les Tuche
2%
T'es pas mouru l'âne, t'es pas mouruShrek
1%
- Quand est-ce que tu as perdu la tête? - Il y a trois mois, je me suis réveillé marié à un ananas... hyper moche en plusl'âge de glace 3
0%
Non, non pas le rouleau, pas le rouleau!Les seigneurs
0%
Tu veux ma photo banane?Retour vers le futur
0%
Ta gueule gros lard! - Je suis pas gros, j'ai une ossature lourdeSouth Park, le film
0%
On dit que t'as été mordu par un cobra royal. - Oui, c'est vrai, mais après 5 jours d'agonie épouvantable, le cobra est mort.The Expendables 2
0%
- C’était terrible quand j’ai perdu mon grand-père. - Ah il est mort comment ? - 2e Guerre Mondiale. - Il est mort au combat ? - Nan, il skiait dans le Vermont, c’était pendant la 2e Guerre Mondiale.Very Bad Trip
0%

Distribution des résultats

Percentile par nombre de réponses

% des personnes avec chaque résultat

Votre développement - résultats

Vous n’avez pas pris ce quiz